| 000 | 00966cam a2200289 i 4500 | ||
|---|---|---|---|
| 001 | 000001394 | ||
| 003 | DO-SdBNP | ||
| 005 | 20260318092433.0 | ||
| 007 | ta | ||
| 008 | 810109s1979 sp b 001 0 spa | ||
| 020 | _a8437601932 | ||
| 040 |
_aDO-SdBNP _bspa _cBNPHU _erda |
||
| 041 | _aspa | ||
| 082 | 4 |
_a302.2 _bS741c _222 |
|
| 245 | 0 | 0 |
_aSemiótica de la cultura / _cJurij M. Lotman ; introducción, selección y notas de Jorge Lozano ; traducción de, Nieves Mendez. |
| 264 | 1 |
_aMadrid : _bEdiciones Catedra, _c1979. |
|
| 300 |
_a245 p. ; _c22 cm. |
||
| 500 | _aIncluye referencias bibliográficas | ||
| 650 | 4 |
_aSemiótica _94668 |
|
| 650 | 7 |
_aCultura _2LIBRUNAM _989224 |
|
| 700 | 1 |
_aLotman, IU. M. _q(IUrii Mikhailovich), _d1922-1993. _94669 |
|
| 700 | 1 |
_aLozano, Jorge. _eintroducción _94670 |
|
| 700 | 1 |
_aMendez, Nieves, _etraductor _4tr. _94671 |
|
| 710 | 2 |
_aTartu Riiklik Ulikool. _94672 |
|
| 910 | _aCatalogación por copia / LC | ||
| 942 |
_2ddc _cLBS1 |
||
| 999 |
_c1316 _d1316 |
||